00309nam a2200121Ia 4500008004100000100001800041245005700059260002500116300000900141650001200150942000800162999001700170190216s9999||||xx |||||||||||||| ||und|| aShiromany P A 0aObjective And Short Answer Type Questions In Biology bYoung Man & Coc1985 a380p aBiology cREF c35701d35701